Państwa według władcy - Statystyki

Ogólne statystyki
  • Ten quiz został rozwiązany 2 662 razy
  • Średni wynik to 12 z 20
Statystyki odpowiedzi
Władcy Państwo % Poprawnych
Iwan, Piotr, Katarzyna Rosja
97%
Jimmu, Meiji, Hirohito Japonia
90%
Czyngis, Ugedej, Kubilaj Imperium Mongolskie
88%
Lech, Kazimierz, Jadwiga Polska
87%
Chlodwig, Ludwik, Karol Francja
85%
Dżeser, Ramzes, Tutanchamon Egipt
74%
Osman, Mehmed, Sulejman Imperium Osmańskie
69%
Innocent, Urban, Klemens Państwo Kościelne
67%
Franciszek Józef, Maria Teresa, Leopold Austria
64%
August, Kaligula, Sewer Cesarstwo Rzymskie
64%
Alfred, Aethelred, Elżbieta Anglia
59%
Magnus, Gustaw Adolf, Oskar Szwecja
59%
Cyrus, Dariusz, Kserkses Imperium Achemenidów (Persja)
55%
Montezuma, Axayacatl, Itzcoatl Imperium Azteków
53%
Duncan, Malcolm, James Szkocja
45%
Ferdynand, Alfons, Jan Karol Hiszpania
35%
Kamehameha, Kalākaua, Liliʻuokalani Hawaje
18%
Dydoma, Hazdrubal, Hamilkar Kartagina
18%
Taksin, Bhumibol Adulyadej, Si Inthrathit Tajlandia
14%
Wawrzyniec, Aleksander, Kosma Florencja
10%
Nie znaleziono quizów pasujących do podanych kryteriów
Rozkład punktacji
Procent ludzi z każdym wynikiem
Percentyl według liczby udzielonych odpowiedzi
Twoja historia wyników
Nie rozwiązałeś tego quizu